000 00492nam a2200169Ia 4500
008 230917s9999||||xx |||||||||||||| ||und||
020 _cRS 3000.00 (set of 2 vol.)
040 _e5000341
_aMAIN
041 _aEnglish
082 _a300.72 B469A
100 _aBhalla, Ranjit Kaur
245 0 _aAdvanced research methodology, 2V
260 _aNew Delhi
_bKanishka Publishers, Distributors
_c2019
300 _av. p.
500 _a4177 23/11/2021 KDP21/437 23/11/2021 Main Budget
942 _cBK
999 _c3381
_d3381